000 00697nam a2200205Ii 4500
003 JO-AjNU
008 230605s9999||||xx |||||||||||||| ||und||
040 _aJO-AjNU
_bara
_erda
_cJO-AjNU
041 _aara
050 1 4 _aLB1027.5.K44 2003
100 3 _aالخطيب،صالح أحمد,
_eauthor
_921770
245 0 0 _aالإرشاد النفسي في المدرسة،أسسه-نظرياته-تطبيقاته
250 _aط1
264 3 1 _aالعين:دار الكتاب الجامعي،2003
300 _a480ص
336 _atext
_btxt
_2rdacontent
337 _aunmediated
_bn
_2rdamedia
338 _avolume
_bnc
_2rdacarrier
650 4 _aإرشاد نفسي-علم نفس تربوي
_921771
999 _aA7619
_c11187
_d11187